Central Library OPAC University of Rajshahi

Investment criteria : (Record no. 3629)

MARC details
000 -LEADER
fixed length control field 00908cam a22003011 4500
001 - CONTROL NUMBER
control field 3629
003 - CONTROL NUMBER IDENTIFIER
rucl marc code BD-RjU
005 - DATE AND TIME OF LATEST TRANSACTION
control field 20211208233748.0
008 - FIXED-LENGTH DATA ELEMENTS--GENERAL INFORMATION
fixed length control field 131219s1967 ii b 000 0 eng
035 ## - SYSTEM CONTROL NUMBER
System control number (BD-RjUL)3663
040 ## - CATALOGING SOURCE
Original cataloging agency DLC
Transcribing agency DLC
Modifying agency BD-RjUL
Language of cataloging eng
041 ## - LANGUAGE CODE
Language code of text/sound track or separate title eng
082 04 - DEWEY DECIMAL CLASSIFICATION NUMBER
Edition number 22
Classification number 338.18
Author mark and year CHI 1967
100 1# - MAIN ENTRY--PERSONAL NAME
Personal name Chakravarti, Ila.
9 (RLIN) 11497
245 10 - TITLE STATEMENT
Title Investment criteria :
Remainder of title in relation to agricultural development in India /
Statement of responsibility, etc. Ila Chakravarti
250 ## - EDITION STATEMENT
Edition statement 1st ed.
260 ## - PUBLICATION, DISTRIBUTION, ETC. (IMPRINT)
Place of publication, distribution, etc. Bhagalpur :
Date of publication, distribution, etc. 1967.
Name of publisher, distributor, etc. Ila Chakravarti,
300 ## - PHYSICAL DESCRIPTION
Pagination ii, ii, 196, vi p. ;
Size 23 cm.
350 ## - PRICE (NR) (BK AM CF MU VM SE) [OBSOLETE]
Price Rs12
502 ## - DISSERTATION NOTE
Dissertation note Thesis--Patna University.
504 ## - BIBLIOGRAPHY, ETC. NOTE
Bibliography, etc Include index.
650 #0 - SUBJECT ADDED ENTRY--TOPICAL TERM
Topical term or geographic name as entry element Agriculture and state
Geographic subdivision India.
9 (RLIN) 9700
Topical term or geographic name as entry element Agriculture
General subdivision Economic aspects
Geographic subdivision India.
9 (RLIN) 11498
Topical term or geographic name as entry element Rural development
Geographic subdivision India.
9 (RLIN) 5606
942 ## - ADDED ENTRY ELEMENTS (KOHA)
Source of classification or shelving scheme Dewey Decimal Classification
Koha item type Books
Holdings
Lost status Source of classification or shelving scheme Damaged status Not for loan Collection code Permanent Location Current Location Shelving location Date acquired Source of acquisition Cost, normal purchase price Total Checkouts Full call number Date last seen Copy number Koha item type
  Dewey Decimal Classification     Non-fiction Central Library, University of Rajshahi Central Library, University of Rajshahi   15/05/1973 Fiona K. L. 30.00   338.18 CHI 1967 19/12/2013 C-2 Books